LIBRARY & INFORMATION CENTRE, KCAET, TAVANUR

ONLINE PUBLIC ACCESS CATALOGUE (OPAC)

Machine Drawing Including Auto CAD: First Angle Projection (Record no. 13885)

MARC details
000 -LEADER
fixed length control field 00319nam a22001217a 4500
082 ## - DEWEY DECIMAL CLASSIFICATION NUMBER
Classification number 621.8152
Item number VAR/MA
100 ## - MAIN ENTRY--AUTHOR NAME
Personal name John, K.C
100 ## - MAIN ENTRY--AUTHOR NAME
Personal name Varghese, P.I
245 ## - TITLE STATEMENT
Title Machine Drawing Including Auto CAD: First Angle Projection
250 ## - EDITION STATEMENT
Edition statement 25th
260 ## - PUBLICATION, DISTRIBUTION, ETC. (IMPRINT)
Place of publication Thrissur
Name of publisher V.I.P Publishers
Year of publication 2012
942 ## - ADDED ENTRY ELEMENTS (KOHA)
Koha item type Books
Holdings
Withdrawn status Lost status Damaged status Collection code Home library Current library Shelving location Date acquired Source of acquisition Cost, normal purchase price Full call number Accession Number Koha item type
        KAUAET KAUAET Scheme 13/03/2013 Calicut Book Distributors 260.00 621.8152 VAR/MA BB 225 Book Bank scheme for SC students
        KAUAET KAUAET Scheme 13/03/2013 Calicut Book Distributors 260.00 621.8152 VAR/MA BB 226 Book Bank scheme for SC students
        KAUAET KAUAET General Stacks 31/03/2018 Aman Books, Calicut 300.00 621.8152 VAR/MA 25621 Books
        KAUAET KAUAET General Stacks 31/03/2018 Aman Books, Calicut 300.00 621.8152 VAR/MA 25622 Books
free website counter